000 01357cam a22004214i 4500
003 PE-LiUPU
005 20250731173237.0
008 150625s r 000 0 d
035 _a(Sirsi) a35142
040 _aPE-LiUPU
_bspa
_cPE-LiUPU
_erda
082 0 4 _a232.1
_bB23
_221
100 1 _aBarth, Karl,
_eautor.
_92050
245 1 0 _aAl servicio de la palabra /
_cKarl Barth.
264 1 _aSalamanca, España :
_bSígueme,
_c1985.
300 _a267 páginas ;
_c21 centímetros.
336 _atext
_2rdacontent
337 _aunmediated
_2rdamedia
338 _avolume
_2rdacarrier
526 _aSEG42
526 _aSEG41
526 _aSEG40
526 _aSEG39
526 _aP94
526 _aP87
526 _aP86
526 _aP85
526 _aP77
526 _aP76
526 _aP35
610 0 4 _aIglesia Reformada
_vSermones
650 1 4 _aSermones en alemán
_vTraducciones al español.
910 _a
942 _2ddc
_cBOOK
949 _a232.1 B23
_wDEWEY
_c1
_i25854
_lCCODEBUL1
_mBUL
_p00.00
_r0
_sY
_tBOOK
_u2015-06-25
_xBIBLIOTECA
_zUNKNOWN
_0COMPRA
_o.STAFF. Colección General
596 _a1
999 _a232.1 B23
_wDEWEY
_c43077
_i25854
_d43077
_e2018-3-13
_f2021-11-10
_g5
_lCCODEBUL1
_mBUL
_n1
_q2
_r0
_sY
_tBOOK
_u2015-6-25
_xTEOLOGIA
_zUNKNOWN
_0COMPRA
_o.STAFF. Colección General
980 _81
_gALBERTO SANCHEZ Responsable de Automatización